RICS UK Economic Brief November/December 2006 (Record no. 78525)

MARC details
000 -LEADER
fixed length control field 01257cab a22002175a 4500
001 - CONTROL NUMBER
control field l136994
008 - FIXED-LENGTH DATA ELEMENTS--GENERAL INFORMATION
fixed length control field 070308e2007 xxk 000 0 eng d
035 ## - SYSTEM CONTROL NUMBER
System control number (Sirsi) u136994
041 0# - LANGUAGE CODE
Language code of text/sound track or separate title eng
110 2# - MAIN ENTRY--CORPORATE NAME
Corporate name or jurisdiction name as entry element Royal Institution of Chartered Surveyors
Subordinate unit Economics
9 (RLIN) 5033
245 00 - TITLE STATEMENT
Title RICS UK Economic Brief November/December 2006
Remainder of title robust economy points to further interest rate rise in the New Year
Medium [electronic resource]
260 ## - PUBLICATION, DISTRIBUTION, ETC.
Place of publication, distribution, etc. London
Name of publisher, distributor, etc. RICS
Date of publication, distribution, etc. 2007
490 #0 - SERIES STATEMENT
Series statement RICS UK Economic Brief
Volume/sequential designation November/December 2006
520 ## - SUMMARY, ETC.
Summary, etc. Discusses the August and November interest rate rises, and the projected rise in interest rates in following months. Discusses the Bank of England?s decisions with reference to rising consumer spending, rising business investment, strong economic growth in UK export markets and the rapid increases in broad money and asset prices. Discusses how rising interest rates may cool the property market, while at the same time promote economic stability.
590 ## - LOCAL NOTE (RLIN)
Local note KA
650 24 - SUBJECT ADDED ENTRY--TOPICAL TERM
Topical term or geographic name entry element RICS UK ECONOMIC BRIEF
651 #4 - SUBJECT ADDED ENTRY--GEOGRAPHIC NAME
Geographic name United Kingdom
Chronological subdivision
690 ## - LOCAL SUBJECT ADDED ENTRY--TOPICAL TERM (OCLC, RLIN)
Topical term or geographic name as entry element PROPERTY-PROPERTY MARKET
856 40 - ELECTRONIC LOCATION AND ACCESS
Uniform Resource Identifier <a href="https://www.rics.org/site/download_feed.aspx?fileID=930&fileExtension=PDF">https://www.rics.org/site/download_feed.aspx?fileID=930&fileExtension=PDF</a>
Public note View the item free of charge at www.rics.org
942 ## - ADDED ENTRY ELEMENTS (KOHA)
Suppress in OPAC 0
Holdings
Withdrawn status Lost status Source of classification or shelving scheme Damaged status Not for loan Home library Current library Shelving location Date acquired Total Checkouts Full call number Barcode Date last seen Copy number Price effective from Koha item type
    Dewey Decimal Classification     Virtual Virtual Online 08/03/2007   ONLINE PUBLICATION 136994-2001 06/08/2019 1 06/08/2019 Book